[Event "España ch sub-16"]
[Site "Mondariz ESP"]
[Date "2005.07.15"]
[Round "8.1"]
[White "Trigo Urquijo, Sergio"]
[Black "Lariño Nieto, David"]
[Result "0-1"]
[WhiteElo "2045"]
[BlackElo "2350"]
[PlyCount "90"]
[EventDate "2005.07.11"]
[EventType "swiss"]
[EventRounds "8"]
[EventCountry "ESP"]
[Source "lmi"]
[SourceDate "2005.07.15"]

1. e4 e6 2. d3 c5 3. Nc3 Nc6 4. g3 g6 5. Bg2 Bg7 6. f4 Nge7 7. Nf3 O-O 8. O-O
b6 9. Be3 d5 10. exd5 exd5 11. Bf2 d4 12. Ne4 Nd5 13. Re1 Ba6 14. Ne5 Nce7 15.
c4 Ne3 16. Bxe3 dxe3 17. Nc3 Rb8 18. Nd5 Bb7 19. Nxe7+ Qxe7 20. Rxe3 Qd6 21.
Qe2 Rfe8 22. Kh1 Re6 23. Re1 Bxg2+ 24. Qxg2 Rbe8 25. Qd5 h5 26. Qxd6 Rxd6 27.
Kg2 Red8 28. Rd1 Re6 29. Kf2 a6 30. b3 b5 31. Rc1 b4 32. Rd1 a5 33. Nf3 Red6
34. Ke2 a4 35. bxa4 Ra6 36. Kf2 Rxa4 37. Rd2 Bc3 38. Rc2 Rda8 39. Ree2 Rd8 40.
Re3 Rda8 41. Ree2 Ra3 42. Kf1 Rd8 43. Ne5 Kg7 44. Re3 Re8 45. Ke2 Rea8 0-1

[Event "España ch sub-16"]
[Site "Mondariz ESP"]
[Date "2005.07.15"]
[Round "8.2"]
[White "Vila Gazquez, Javier"]
[Black "Llorente Zaro, Alfonso"]
[Result "1/2-1/2"]
[WhiteElo "2338"]
[BlackElo "2355"]
[PlyCount "72"]
[EventDate "2005.07.11"]
[EventType "swiss"]
[EventRounds "8"]
[EventCountry "ESP"]
[Source "lmi"]
[SourceDate "2005.07.15"]

1. e4 e5 2. Nf3 Nc6 3. Bc4 Bc5 4. d3 Nf6 5. Nc3 d6 6. Bg5 h6 7. Bxf6 Qxf6 8.
Nd5 Qd8 9. c3 a6 10. d4 Ba7 11. h3 O-O 12. O-O Be6 13. Re1 exd4 14. cxd4 Nb4
15. Qb3 Nxd5 16. Bxd5 Bxd5 17. Qxd5 c6 18. Qh5 Qf6 19. Rad1 Rad8 20. b3 Rfe8
21. Qg4 Bb6 22. Re2 g6 23. Kf1 Re7 24. h4 h5 25. Qg5 Kg7 26. Qxf6+ Kxf6 27. Rd3
Rde8 28. Nd2 Kg7 29. f4 Ba5 30. Nc4 Bc7 31. Nd2 Ba5 32. Nc4 Bc7 33. Nd2 f6 34.
g3 Ba5 35. Nc4 Bc7 36. Nd2 Ba5 1/2-1/2

[Event "España ch sub-16"]
[Site "Mondariz ESP"]
[Date "2005.07.15"]
[Round "8.3"]
[White "Alarcia Astiz, Carlos"]
[Black "Aloma Vidal, Robert"]
[Result "0-1"]
[WhiteElo "2091"]
[BlackElo "2350"]
[PlyCount "84"]
[EventDate "2005.07.11"]
[EventType "swiss"]
[EventRounds "8"]
[EventCountry "ESP"]
[Source "lmi"]
[SourceDate "2005.07.15"]

1. e4 c5 2. Nf3 d6 3. d4 cxd4 4. Nxd4 Nf6 5. Nc3 Nc6 6. f4 e6 7. Nf3 Qc7 8. Bd3
a6 9. O-O b5 10. a3 Be7 11. Qe1 Bb7 12. Qg3 g6 13. Be3 h5 14. h3 b4 15. axb4
Nxb4 16. e5 dxe5 17. fxe5 Nxd3 18. cxd3 h4 19. Qf2 Nh5 20. Bb6 Qd7 21. Ra4 Bc6
22. Nd4 O-O 23. Nxc6 Qxc6 24. Rc4 Qe8 25. Ne4 Qb5 26. Bc5 Bxc5 27. Rxc5 Qxd3
28. Nf6+ Nxf6 29. exf6 Rfd8 30. Kh1 Qd4 31. Qc2 Rab8 32. Rg5 Qd3 33. Qc1 Qd2
34. Qc5 Rxb2 35. Rxg6+ fxg6 36. f7+ Kh7 37. f8=N+ Kh6 38. Rg1 Qf2 39. Qxf2 Rxf2
40. Nxe6 Rd6 41. Nc5 Rc2 42. Ne4 Rdc6 0-1

[Event "España ch sub-16"]
[Site "Mondariz ESP"]
[Date "2005.07.15"]
[Round "8.4"]
[White "Guadamuro Torrente, Ana Isabel"]
[Black "Remoli Sargues, Francisco"]
[Result "1/2-1/2"]
[WhiteElo "2084"]
[BlackElo "2139"]
[PlyCount "82"]
[EventDate "2005.07.11"]
[EventType "swiss"]
[EventRounds "8"]
[EventCountry "ESP"]
[Source "lmi"]
[SourceDate "2005.07.15"]

1. e4 d6 2. d4 Nf6 3. Nc3 e5 4. Nf3 Nbd7 5. Bc4 Be7 6. O-O O-O 7. a4 c6 8. Ba2
b6 9. Qe2 Bb7 10. Rd1 Qc7 11. Nh4 Rfe8 12. Nf5 Bf8 13. Qc4 Rac8 14. Qxf7+ Kh8
15. Bg5 exd4 16. Nxd4 Ne5 17. Qxc7 Rxc7 18. Ne6 Rd7 19. Nxf8 Rxf8 20. Be6 Rdd8
21. Rd2 h6 22. Bh4 g5 23. Bg3 Rfe8 24. Bb3 c5 25. f3 g4 26. Bxe5 dxe5 27. Rad1
Rxd2 28. Rxd2 Re7 29. Kf2 gxf3 30. gxf3 Nh5 31. Nb5 Nf4 32. Rd8+ Kh7 33. Bg8+
Kg6 34. Nd6 Bc6 35. b3 Rd7 36. Rxd7 Bxd7 37. Bc4 Kf6 38. Ke3 Ng2+ 39. Kf2 Nf4
40. Ke3 Ng2+ 41. Kf2 Nf4 1/2-1/2

[Event "España ch sub-16"]
[Site "Mondariz ESP"]
[Date "2005.07.15"]
[Round "8.5"]
[White "Fernandez Losada, Daniel"]
[Black "Valmaña Canto, Jaime"]
[Result "0-1"]
[WhiteElo "2108"]
[BlackElo "2223"]
[PlyCount "100"]
[EventDate "2005.07.11"]
[EventType "swiss"]
[EventRounds "8"]
[EventCountry "ESP"]
[Source "lmi"]
[SourceDate "2005.07.15"]

1. e4 c5 2. Nf3 Nc6 3. d4 cxd4 4. Nxd4 Nf6 5. Nc3 e5 6. Ndb5 d6 7. Bg5 a6 8.
Na3 b5 9. Bxf6 gxf6 10. Nd5 Bg7 11. c3 f5 12. exf5 Bxf5 13. Nc2 O-O 14. Nce3
Be6 15. Bd3 f5 16. O-O Ra7 17. Qh5 e4 18. Bc2 Ne7 19. Nxe7+ Rxe7 20. Rfd1 b4
21. Bb3 Bxb3 22. axb3 bxc3 23. bxc3 f4 24. Nc4 e3 25. Rd3 Qb8 26. fxe3 fxe3 27.
Qd5+ Kh8 28. Nxe3 Qb6 29. Re1 Rfe8 30. Kf2 Rf8+ 31. Kg1 Rfe8 32. Kf2 Re5 33.
Qxd6 Qxb3 34. c4 Qb2+ 35. Re2 Rf5+ 36. Ke1 Qc1+ 37. Nd1 Ref8 38. Rf3 Rxf3 39.
gxf3 Qxc4 40. Re4 Qa2 41. h4 Rg8 42. Qd2 Qb3 43. Kf2 Bf6 44. Qf4 Qc2+ 45. Re2
Qg6 46. Ke3 Bg7 47. Kf2 Ba1 48. Ke3 Qb6+ 49. Kd2 Rd8+ 50. Ke1 Qg1# 0-1

[Event "España ch sub-16"]
[Site "Mondariz ESP"]
[Date "2005.07.15"]
[Round "8.6"]
[White "Troncoso Gutierrez, Adrian"]
[Black "Huerga Leache, Mikel"]
[Result "1-0"]
[WhiteElo "2062"]
[BlackElo "2176"]
[PlyCount "75"]
[EventDate "2005.07.11"]
[EventType "swiss"]
[EventRounds "8"]
[EventCountry "ESP"]
[Source "lmi"]
[SourceDate "2005.07.15"]

1. d4 g6 2. c4 Bg7 3. Nc3 c5 4. d5 Bxc3+ 5. bxc3 Nf6 6. Qc2 d6 7. e4 Qa5 8. Bd2
Bd7 9. Bd3 Ba4 10. Qb2 Nbd7 11. Nf3 b5 12. cxb5 c4 13. Bxc4 Nxe4 14. Qb4 Qxb4
15. cxb4 Nb6 16. Bd3 Nxd2 17. Kxd2 Rc8 18. Rac1 Kd7 19. Nd4 e5 20. dxe6+ fxe6
21. Rxc8 Rxc8 22. Rc1 Rf8 23. f3 Rb8 24. Rc3 Ra8 25. Ra3 Rc8 26. Ne2 a6 27.
bxa6 Bc6 28. Rc3 Rb8 29. Nd4 Ba8 30. Bb5+ Ke7 31. Rc7+ Kf6 32. a7 Rh8 33. Bc6
e5 34. Nb5 Nc4+ 35. Kc3 Ne3 36. Bxa8 Rxa8 37. Rb7 Rc8+ 38. Kb3 1-0

[Event "España ch sub-16"]
[Site "Mondariz ESP"]
[Date "2005.07.15"]
[Round "8.7"]
[White "Perez Campos, Adria"]
[Black "Ladron De Guevara Pinto, Miguel"]
[Result "0-1"]
[WhiteElo "2071"]
[BlackElo "2145"]
[PlyCount "66"]
[EventDate "2005.07.11"]
[EventType "swiss"]
[EventRounds "8"]
[EventCountry "ESP"]
[Source "lmi"]
[SourceDate "2005.07.15"]

1. c4 e6 2. Nc3 c5 3. Nf3 Nc6 4. d4 cxd4 5. Nxd4 Nf6 6. e4 Be7 7. Be3 d6 8. f3
Qc7 9. Be2 a6 10. Qd2 b6 11. O-O Bb7 12. Rac1 O-O 13. Rfd1 Rac8 14. a3 Qb8 15.
b4 Ne5 16. Na4 Bd8 17. c5 b5 18. Nb6 Bxb6 19. cxb6 d5 20. Bf4 Nh5 21. g3 Nxf4
22. gxf4 Nc4 23. Bxc4 Rxc4 24. Rxc4 dxc4 25. e5 Bd5 26. Kh1 Rd8 27. Qg2 Qxb6
28. f5 g6 29. f6 Bc6 30. Qg4 h5 31. Qf4 Kh7 32. Kg2 c3 33. Rd3 c2 0-1

[Event "España ch sub-16"]
[Site "Mondariz ESP"]
[Date "2005.07.15"]
[Round "8.8"]
[White "Mayo Casademont, Marti"]
[Black "Vallejo Diaz, Javier"]
[Result "0-1"]
[WhiteElo "2041"]
[BlackElo "2156"]
[PlyCount "78"]
[EventDate "2005.07.11"]
[EventType "swiss"]
[EventRounds "8"]
[EventCountry "ESP"]
[Source "lmi"]
[SourceDate "2005.07.15"]

1. d4 d5 2. c4 c6 3. Nf3 Nf6 4. Nc3 dxc4 5. a4 Bf5 6. e3 e6 7. Bxc4 Bb4 8. O-O
Nbd7 9. Bd2 O-O 10. Qe2 Bg4 11. Ne4 Nxe4 12. Bxb4 c5 13. dxc5 Ne5 14. c6 Ng5
15. Nxe5 Bxe2 16. Bxe2 bxc6 17. Nxc6 Qd7 18. Bb5 Qb7 19. Bxf8 Kxf8 20. Nd4 Rc8
21. b3 a6 22. Bc4 Ne4 23. Rfd1 g6 24. Rac1 Ke7 25. Ne2 Nd6 26. Rd4 Nxc4 27.
bxc4 Rd8 28. Kf1 Qc6 29. a5 Qc7 30. c5 Rxd4 31. Nxd4 Qxh2 32. Rc2 Qc7 33. c6 e5
34. Nb3 Kd8 35. Rc5 Qd6 36. c7+ Kc8 37. Ke2 e4 38. Rc3 Qa3 39. Kd2 Qb2+ 0-1

[Event "España ch sub-16"]
[Site "Mondariz ESP"]
[Date "2005.07.15"]
[Round "8.9"]
[White "Ferreiro Pailos, Alejandro"]
[Black "Gimenez Martinez, Alberto"]
[Result "1-0"]
[WhiteElo "2112"]
[BlackElo "2025"]
[PlyCount "95"]
[EventDate "2005.07.11"]
[EventType "swiss"]
[EventRounds "8"]
[EventCountry "ESP"]
[Source "lmi"]
[SourceDate "2005.07.15"]

1. e4 c5 2. Nf3 d6 3. d4 cxd4 4. Nxd4 Nf6 5. Nc3 a6 6. Be2 e5 7. Nb3 Be7 8. O-O
Nbd7 9. f4 b5 10. a3 Bb7 11. Bf3 Rc8 12. Qe2 O-O 13. f5 Nc5 14. g4 Nfd7 15.
Nxc5 Nxc5 16. Be3 Bg5 17. Rad1 Bxe3+ 18. Qxe3 Qb6 19. Kh1 Rfd8 20. Qg5 f6 21.
Qh4 b4 22. Nd5 Bxd5 23. Rxd5 bxa3 24. bxa3 h6 25. Qh5 Na4 26. h4 Rxc2 27. g5
Rf2 28. Rxf2 Qxf2 29. Rxd6 Rb8 30. Rd1 hxg5 31. hxg5 fxg5 32. f6 Qh4+ 33. Qxh4
gxh4 34. Rg1 Kf7 35. fxg7 Rg8 36. Bh5+ Kf6 37. Rg6+ Ke7 38. Bd1 Nc5 39. Kh2 a5
40. a4 h3 41. Kxh3 Ne6 42. Rxe6+ Kxe6 43. Bb3+ Kf6 44. Bxg8 Kxg7 45. Bd5 Kf6
46. Kg4 Kg6 47. Bc6 Kf6 48. Kh5 1-0

[Event "España ch sub-16"]
[Site "Mondariz ESP"]
[Date "2005.07.15"]
[Round "8.10"]
[White "Martin Alvarez, Iñigo"]
[Black "Serrano Bozada, Esteban"]
[Result "1/2-1/2"]
[WhiteElo "2082"]
[BlackElo "2012"]
[PlyCount "201"]
[EventDate "2005.07.11"]
[EventType "swiss"]
[EventRounds "8"]
[EventCountry "ESP"]
[Source "lmi"]
[SourceDate "2005.07.15"]

1. e4 e6 2. d4 b6 3. Bd3 Bb7 4. Nf3 c5 5. c3 cxd4 6. cxd4 Nf6 7. Nc3 Bb4 8. Qe2
d5 9. e5 Ne4 10. Bd2 Nxd2 11. Nxd2 Bxc3 12. bxc3 O-O 13. f4 f5 14. exf6 Rxf6
15. g3 Qc7 16. Rc1 Nc6 17. O-O Na5 18. Nf3 Qd6 19. Ne5 Raf8 20. Ng4 R6f7 21.
Qc2 h6 22. Ne5 Rf6 23. Bh7+ Kh8 24. Ng6+ Kxh7 25. Nxf8+ Kg8 26. Ng6 Nc4 27.
Rfe1 b5 28. Ne5 a5 29. Ng4 Rf5 30. Qe2 Bc8 31. Rb1 Qa6 32. Nf2 Rf6 33. Nd3 a4
34. Nc5 Qc6 35. Rb4 Bd7 36. Nd3 Nd6 37. Nc5 Nc4 38. Nxd7 Qxd7 39. Reb1 Na3 40.
Re1 Nc4 41. Qd3 Qc6 42. Rbb1 Na3 43. Rbc1 Nc4 44. Qe2 Qb6 45. Rb1 Qc6 46. f5
exf5 47. Qe8+ Qxe8 48. Rxe8+ Kf7 49. Rd8 Rd6 50. Rc8 Na3 51. Re1 Rd7 52. Rc5
Nc4 53. Rxb5 Nd2 54. Re3 a3 55. Kg2 Nc4 56. Re1 g5 57. Reb1 Kg6 58. Kf2 Nd2 59.
Rc1 Nc4 60. Re1 Rd6 61. Re2 Kf6 62. Rb8 Kg6 63. Rbe8 Kh5 64. Rb8 Kg6 65. Rb4
Rc6 66. Ra4 Rb6 67. h3 Rc6 68. Kg2 Rb6 69. Rb4 Rc6 70. Rb3 Kf6 71. Re8 Rd6 72.
Rc8 Re6 73. Rxc4 dxc4 74. Rxa3 Re2+ 75. Kf3 Rc2 76. Ra6+ Kf7 77. Ra7+ Ke6 78.
Ra6+ Kd5 79. Ra5+ Ke6 80. Ra6+ Kf7 81. Ra7+ Kg6 82. Ra6+ Kg7 83. Ra7+ Kf8 84.
Ra8+ Ke7 85. Ra7+ Kd8 86. Ra3 Rd2 87. Ke3 Rd3+ 88. Kf2 Kd7 89. Kg2 Kc8 90. Kf2
Kb7 91. Kg2 f4 92. gxf4 gxf4 93. h4 Rg3+ 94. Kh2 Rg4 95. Kh3 Rg3+ 96. Kh2 Kc6
97. Ra5 Rxc3 98. Rc5+ Kd6 99. a4 Ra3 100. Rxc4 Kd5 101. Rb4 1/2-1/2

[Event "España ch sub-16"]
[Site "Mondariz ESP"]
[Date "2005.07.15"]
[Round "8.11"]
[White "Lopez Quevedo, Angel Carlos"]
[Black "Gallart Zafra, Jaume"]
[Result "1/2-1/2"]
[WhiteElo "2046"]
[BlackElo "2077"]
[PlyCount "27"]
[EventDate "2005.07.11"]
[EventType "swiss"]
[EventRounds "8"]
[EventCountry "ESP"]
[Source "lmi"]
[SourceDate "2005.07.15"]

1. d4 Nf6 2. c4 c5 3. d5 e6 4. Nc3 exd5 5. cxd5 d6 6. e4 g6 7. Bd3 Bg7 8. Nf3
O-O 9. O-O a6 10. a4 Bg4 11. h3 Bxf3 12. Qxf3 Nbd7 13. Qe2 Qc7 14. f4 1/2-1/2

[Event "España ch sub-16"]
[Site "Mondariz ESP"]
[Date "2005.07.15"]
[Round "8.12"]
[White "Dominguez Pons, Enric"]
[Black "Mestre Bellido, Hector"]
[Result "1/2-1/2"]
[WhiteElo "2073"]
[BlackElo "2013"]
[PlyCount "57"]
[EventDate "2005.07.11"]
[EventType "swiss"]
[EventRounds "8"]
[EventCountry "ESP"]
[Source "lmi"]
[SourceDate "2005.07.15"]

1. e4 e5 2. Nf3 Nc6 3. d4 exd4 4. Nxd4 Bc5 5. Nb3 Bb6 6. a4 a6 7. Nc3 d6 8. Bd3
Be6 9. O-O Nge7 10. Qe1 O-O 11. Be3 Bxe3 12. Qxe3 f5 13. exf5 Bxf5 14. Nd4 Nxd4
15. Qxd4 Bxd3 16. Qxd3 Qd7 17. Rfe1 Rf7 18. Rad1 Qc6 19. b3 Raf8 20. f3 Nf5 21.
Ne4 h6 22. Ng3 Qc5+ 23. Kh1 Nxg3+ 24. hxg3 Rf5 25. g4 Re5 26. Rxe5 Qxe5 27.
Qc4+ Rf7 28. Kg1 Kf8 29. Qd4 1/2-1/2

[Event "España ch sub-16"]
[Site "Mondariz ESP"]
[Date "2005.07.15"]
[Round "8.13"]
[White "Torres Tellez, Jonathan"]
[Black "Valbuena Mota, Alejandro"]
[Result "0-1"]
[WhiteElo "2017"]
[BlackElo "2072"]
[PlyCount "88"]
[EventDate "2005.07.11"]
[EventType "swiss"]
[EventRounds "8"]
[EventCountry "ESP"]
[Source "lmi"]
[SourceDate "2005.07.15"]

1. e4 c5 2. Nf3 d6 3. d4 cxd4 4. Nxd4 Nf6 5. Nc3 a6 6. Qf3 e6 7. g4 Nc6 8. Nxc6
bxc6 9. g5 Nd7 10. Bg2 Be7 11. Qg3 d5 12. exd5 cxd5 13. O-O Bb7 14. Be3 O-O 15.
f4 Qc7 16. Qh3 Bc5 17. Bxc5 Nxc5 18. f5 Qb6 19. Kh1 d4 20. Ne2 Ne4 21. Rf4 Nxg5
22. Qg3 e5 23. Rg4 f6 24. Rg1 Ra7 25. Nc1 Qxb2 26. Nd3 Qxc2 27. Nxe5 Qxf5 28.
Nc4 Bxg2+ 29. Qxg2 Rc7 30. Nd6 Qf3 31. h4 Qxg2+ 32. R1xg2 Nf3 33. Rf2 Rc1+ 34.
Kg2 Ne1+ 35. Kh2 Rc2 36. Rxc2 Nxc2 37. Nf5 Rd8 38. Rxg7+ Kf8 39. Rxh7 Rd5 40.
Ne7 Rd6 41. Ng6+ Kg8 42. Rc7 d3 43. Ne7+ Kf8 44. Ng6+ Ke8 0-1

[Event "España ch sub-16"]
[Site "Mondariz ESP"]
[Date "2005.07.15"]
[Round "8.14"]
[White "Barrio Pareja, Eduardo"]
[Black "Güetas Sanchez, Hugo"]
[Result "1-0"]
[WhiteElo "1978"]
[BlackElo "2062"]
[PlyCount "105"]
[EventDate "2005.07.11"]
[EventType "swiss"]
[EventRounds "8"]
[EventCountry "ESP"]
[Source "lmi"]
[SourceDate "2005.07.15"]

1. e4 d5 2. exd5 Nf6 3. d4 Bg4 4. Be2 Bxe2 5. Qxe2 Qxd5 6. Nf3 Nc6 7. c4 Qf5 8.
O-O e6 9. Be3 O-O-O 10. Nc3 Rg8 11. Rfd1 g5 12. a3 Ne4 13. Nxe4 Qxe4 14. Qd3
Qxd3 15. Rxd3 e5 16. d5 e4 17. Rc3 g4 18. Ng5 Ne5 19. Nxe4 Be7 20. Bd4 Nd7 21.
Re1 Rde8 22. Rce3 Kd8 23. Ng3 Bg5 24. Rxe8+ Rxe8 25. Kf1 Rxe1+ 26. Kxe1 a6 27.
Ke2 Bc1 28. Kd3 Ke8 29. Ne2 Bh6 30. Ke4 Ke7 31. Kf5 Kd6 32. Nc3 b5 33. Ne4+ Ke7
34. c5 Nb8 35. Kxg4 c6 36. Be5 cxd5 37. Bd6+ Ke6 38. Ng5+ Bxg5 39. Kxg5 Nc6 40.
f4 Nd4 41. g4 Nf3+ 42. Kh6 d4 43. f5+ Kd5 44. Bf4 d3 45. Kxh7 Ke4 46. Bc1 d2
47. Bxd2 Nxd2 48. Kg7 Kd5 49. h4 Nf3 50. h5 Ng5 51. Kf6 Nh7+ 52. Kxf7 Kxc5 53.
Kg6 1-0